| 000 | nam a22 7a 4500 | ||
|---|---|---|---|
| 999 |
_c233107 _d233107 |
||
| 003 | Nust | ||
| 005 | 20170302112254.0 | ||
| 008 | 170302b xxu||||| |||| 00| 0 eng d | ||
| 040 | _c0 | ||
| 082 | _a297.446 | ||
| 100 | _4Ubaidullah Khan Durrani | ||
| 245 |
_aChar Islam _cUbaidullah Khan Durrani |
||
| 260 |
_aIslamabad _bPictorial printers _c2016 |
||
| 300 | _a264p | ||
| 942 |
_2ddc _cBK |
||